[Event "MonRoi International Women GP"]
[Site "Montreal CAN"]
[Date "2007.07.26"]
[Round "5"]
[White "Javakhishvili,L"]
[Black "Roy,M"]
[Result "1-0"]
[WhiteElo "2460"]
[BlackElo "1925"]
[EventDate "2007.07.22"]

1. Nf3 Nf6 2. g3 d5 3. Bg2 c5 4. O-O Bg4 5. d3 Nc6 6. Nbd2 e5 7. h3 Bh5 8.
e4 Be7 9. Re1 Bxf3 10. Qxf3 d4 11. Qe2 O-O 12. f4 Nd7 13. Nf3 Bd6 14. f5 b5
15. g4 Na5 16. Bd2 a6 17. g5 Rc8 18. a4 Nb7 19. c3 Re8 20. Kh1 Nf8 21. Qf2
f6 22. gxf6 Qxf6 23. Nh2 Nd7 24. axb5 axb5 25. Rg1 Qf7 26. Bf3 Nf6 27. Ng4
Nxg4 28. Rxg4 Kh8 29. Rag1 Rg8 30. Qh4 Be7 31. Bg5 Bxg5 32. Rxg5 g6 33.
Rxg6 Rxg6 34. Rxg6 Ra8 35. Rg2 Nd6 36. Qh6 Rd8 37. Bh5 1-0

[Event "MonRoi International Women GP"]
[Site "Montreal CAN"]
[Date "2007.07.26"]
[Round "5"]
[White "Arakhamia,K"]
[Black "Houska,Jo"]
[Result "1-0"]
[WhiteElo "2418"]
[BlackElo "2401"]
[EventDate "2007.07.22"]

1. e4 e5 2. Nf3 Nc6 3. Bb5 a6 4. Ba4 Nf6 5. d3 d6 6. c3 g6 7. Bg5 Bd7 8.
Nbd2 h6 9. Bh4 Bg7 10. Nf1 b5 11. Bb3 Na5 12. Bc2 c5 13. Ne3 Nc6 14. a4 O-O
15. O-O Ne7 16. d4 g5 17. Bg3 Bc6 18. d5 Bd7 19. h4 Nh7 20. hxg5 hxg5 21.
Nh2 Nf6 22. Re1 Qb6 23. Nhf1 c4 24. f3 Qb7 25. Bf2 Nh5 26. g3 Be8 27. Qd2
Kh7 28. Ng4 f6 29. Nfe3 Bf7 30. Kg2 Rh8 31. Ra3 Rhb8 32. Rh1 Kg8 33. Raa1
Qc8 34. Nf5 Nxf5 35. exf5 Qb7 36. Be4 Qd7 37. Ne3 Bf8 38. Ra3 Be7 39. Ng4
Kg7 40. Rha1 Qb7 41. axb5 Qxb5 42. R1a2 a5 43. Ne3 Be8 44. Bc2 Qa6 45. Ba4
Bb5 46. Bxb5 Qxb5 47. Qe2 Rc8 48. b3 Bd8 49. Nxc4 Qxd5 50. Rd2 Qb5 51. Qe4
Be7 52. Nb6 Rd8 53. Rd5 Qc6 54. Nxa8 Rxa8 55. Raxa5 1-0

[Event "MonRoi International Women GP"]
[Site "Montreal CAN"]
[Date "2007.07.26"]
[Round "5"]
[White "Foisor,C"]
[Black "Rajlich,I"]
[Result "0-1"]
[WhiteElo "2372"]
[BlackElo "2406"]
[EventDate "2007.07.22"]

1. c4 Nf6 2. g3 g6 3. Bg2 Bg7 4. Nc3 O-O 5. Nf3 Nc6 6. d4 d6 7. O-O a6 8.
e3 Bg4 9. h3 Bd7 10. Qe2 Qc8 11. Kh2 Re8 12. d5 Na7 13. a4 e6 14. Rd1 exd5
15. cxd5 c5 16. a5 Nb5 17. Na4 Qd8 18. Nb6 Rb8 19. Bd2 Nd4 20. Nxd4 cxd4
21. Qc4 Bb5 22. Qxd4 Ne4 23. Qxe4 Rxe4 24. Bxe4 Qf6 25. Be1 Re8 26. Bd3
Bxd3 27. Rxd3 Qxb2 28. Rad1 h5 29. R3d2 Qf6 30. Kg2 Qf5 31. Rd3 g5 32. Rd4
Bxd4 33. Rxd4 g4 34. hxg4 hxg4 35. Rf4 Qg6 36. Bc3 Rxe3 37. fxe3 Qc2+ 38.
Kf1 Qxc3 39. Rxg4+ Kf8 40. Ra4 Qxe3 41. Kg2 Kg7 42. Rg4+ Kh6 43. Rh4+ Kg5
44. Ra4 f5 45. Ra2 Qe1 46. Ra4 Qe2+ 47. Kg1 Qb2 48. Kf1 Qh2 49. Ra3 Kg4 50.
Rd3 Qc2 51. Re3 Qd2 52. Re2 Qd3 53. Kf2 Qxg3+ 54. Kf1 Qd3 55. Kf2 Qf3+ 56.
Ke1 Qc3+ 57. Rd2 f4 0-1

[Event "MonRoi International Women GP"]
[Site "Montreal CAN"]
[Date "2007.07.27"]
[Round "6"]
[White "Roy,M"]
[Black "Foisor,C"]
[Result "0-1"]
[WhiteElo "1925"]
[BlackElo "2372"]
[EventDate "2007.07.22"]

1. e4 c6 2. d4 g6 3. Nf3 Bg7 4. Bf4 d6 5. Nc3 Bg4 6. Be2 Qb6 7. Na4 Qa5+ 8.
Nc3 Bxf3 9. Bxf3 Qb4 10. Be3 Qxb2 11. Ne2 Nd7 12. Rb1 Qxa2 13. Rxb7 Nb6 14.
Rc7 Rc8 15. Rxc8+ Nxc8 16. O-O e6 17. d5 exd5 18. exd5 c5 19. Qd3 Qa4 20.
Nc3 Qd7 21. Ra1 Nge7 22. Ra6 O-O 23. Nb5 Re8 24. h3 Qb7 25. Nxd6 Nxd6 26.
Rxd6 Nf5 27. Rc6 Nxe3 28. fxe3 Rxe3 29. Qd2 Bd4 30. Kh1 Rxf3 0-1

[Event "MonRoi International Women GP"]
[Site "Montreal CAN"]
[Date "2007.07.27"]
[Round "6"]
[White "Cramling,P"]
[Black "Rajlich,I"]
[Result "1/2-1/2"]
[WhiteElo "2533"]
[BlackElo "2406"]
[EventDate "2007.07.22"]

1. d4 Nf6 2. Nf3 g6 3. c4 Bg7 4. Nc3 d6 5. e4 O-O 6. Be2 e5 7. O-O Nc6 8.
Be3 Ng4 9. Bg5 f6 10. Bh4 Nh6 11. dxe5 dxe5 12. c5 Kh8 13. h3 g5 14. Bg3 g4
15. hxg4 Bxg4 16. Nh4 Be6 17. Nf3 Rf7 18. Qa4 Qg8 19. Bb5 Bf8 20. Bxc6 bxc6
21. Qxc6 Rg7 22. Rad1 Rb8 23. Rd2 Ng4 24. Nh4 Qf7 25. Rfd1 Ne3 26. fxe3
Rxg3 27. Rd8 Rxd8 28. Rxd8 Rg8 29. Nd5 Bxd5 30. exd5 Qg7 31. Qe6 Qg5 32.
Qh3 Bxc5 33. Rxg8+ Qxg8 34. Qf3 Qg5 35. Nf5 Qf4 36. Kf2 Kg8 1/2-1/2

[Event "MonRoi International Women GP"]
[Site "Montreal CAN"]
[Date "2007.07.28"]
[Round "7"]
[White "Rajlich,I"]
[Black "Roy,M"]
[Result "1-0"]
[WhiteElo "2406"]
[BlackElo "1925"]
[EventDate "2007.07.22"]

1. e4 c5 2. Nf3 Nc6 3. Bb5 e6 4. O-O d5 5. exd5 exd5 6. d4 Nf6 7. Re1+ Be7
8. Qe2 Bg4 9. Bg5 Bxf3 10. gxf3 cxd4 11. Nd2 Qd6 12. Nb3 h6 13. Bf4 Qd8 14.
Nxd4 Qd7 15. Nxc6 bxc6 16. Bxc6 1-0

[Event "MonRoi International Women GP"]
[Site "Montreal CAN"]
[Date "2007.07.28"]
[Round "7"]
[White "Javakhishvili,L"]
[Black "Krush,I"]
[Result "1-0"]
[WhiteElo "2460"]
[BlackElo "2479"]
[EventDate "2007.07.22"]

1. d4 d5 2. Nf3 Nf6 3. c4 dxc4 4. e3 e6 5. Bxc4 c5 6. Qe2 a6 7. dxc5 Bxc5
8. O-O Nbd7 9. e4 b5 10. Bd3 Bb7 11. a4 bxa4 12. Nc3 Bd6 13. Rxa4 Nc5 14.
Rd4 Qb8 15. Bc2 e5 16. Rdd1 O-O 17. Bg5 Ne8 18. Na4 a5 19. Nxc5 Bxc5 20.
Nh4 Nd6 21. Qg4 Qc8 22. Qg3 Bxe4 23. Bf6 g6 24. Rxd6 Bxc2 25. Qg5 1-0

[Event "MonRoi International Women GP"]
[Site "Montreal CAN"]
[Date "2007.07.28"]
[Round "7"]
[White "Arakhamia,K"]
[Black "Cramling,P"]
[Result "0-1"]
[WhiteElo "2418"]
[BlackElo "2533"]
[EventDate "2007.07.22"]

1. e4 c5 2. Nf3 e6 3. d4 cxd4 4. Nxd4 a6 5. Bd3 Ne7 6. f4 Nbc6 7. Nf3 Ng6
8. Be3 b5 9. O-O Be7 10. a4 b4 11. Nbd2 Bb7 12. Qe1 O-O 13. Qg3 Qc7 14. Kh1
a5 15. Rad1 f6 16. Nc4 Nh8 17. Qh3 Rab8 18. Nb6 Bc8 19. Nxc8 Qxc8 20. b3
Nf7 21. Rd2 Rd8 22. Rfd1 Qc7 23. f5 exf5 24. exf5 Nce5 25. Be4 Nxf3 26.
Qxf3 Ne5 27. Bd5+ Kh8 28. Qh5 Bc5 29. Bf4 Bf8 30. Rd3 h6 31. Bxe5 Qxe5 32.
Qf7 Bd6 33. Rg3 Rg8 34. Qxd7 Rbd8 35. Qb5 Bc7 36. Qc6 Rge8 37. Kg1 Bb8 38.
Qc4 Re7 39. Kf1 Rxd5 40. Qxd5 Qe2+ 41. Kg1 Ba7+ 0-1